Quizzes
Events
Quiz Creation
Community
Videos
Private Events
Remove Ads
Sign In
Join for FREE
Feedback
Dark Mode
Quiz Categories
Sports
Geography
Music
Movies
Television
Just For Fun
Miscellaneous
History
Literature
Language
Science
Gaming
Entertainment
Religion
Holiday
For Kids
Quiz Lab
Recent
Popular Today
Quiz Kudos Today
Editor Picks
Curator Picks
Quizzes by...
Day
Popularity
Type
Ratings
Length
Year
Community
Subscriptions
Recent Discussions
Orange Saloon
Badges
Playlists
Quests
Create
Leaderboards
Showdown
Live 5
Trivia Bingo
Activity
Puzzle Library
Sporcle Events
Private Events
Virtual Trivia
Globe League
Become a Host
Pub Owners
SporcleCon
Opinionation
Our Games
Videos
Blog
Mobile Apps
Partnerships
Remove Ads and Go Orange
Feedback
Science
Computer
Plants
Astronomy
Chemistry
Elements
Math
Animal
Physics
Anatomy
Biology
Geology
General Science
Science
Computer
Plants
Astronomy
Chemistry
Elements
Math
Animal
Physics
Anatomy
Biology
Geology
General Science
Random Quiz
Search Sporcle
×
Quiz Lab
Quiz Lab
Science
Color
Type in answers that appear in a list
Type in answers that appear in a list
Classic
Best Score? Go Orange.
Transition Metals' Coloured Complexes Stats
Can you name the Transition Metals' Coloured Complexes?
By
voodoohighway
4m
16 Questions
243 Plays
243 Plays
243 Plays
Comments
Comments
Give Quiz Kudos
Give Quiz Kudos
-
- Ratings
hide this ad
Forced Order
Answers have to be entered in order
Answers have to be entered in order
Replay
Link that replays current quiz
Next Quiz
Link to next quiz in quiz playlist
You Got
0%
They Got
Avg Score
59%
Avg Friend Score
Upgrade to see
Score Distribution
Jump to the score distribution portion of the page
Score
0/16
Timer
04:00
0
Plays Today
Formula
Empty Space
% Correct
Copper
Blue
81.1%
Iron
Pale Green
77%
Copper
Royal Blue
76.1%
Copper
Green
71.2%
Iron
Yellow
71.2%
Cobalt
Pink
67.9%
Copper
Pale Blue
64.2%
Other
Green
61.7%
Formula
Empty Space
% Correct
Cobalt
Brown
58.4%
Other
Pale Pink
50.2%
Iron
Blood Red
46.9%
Nickel
Green
46.9%
Nickel
Blue
46.9%
Iron
Dark Blue
46.5%
Nickel
Blue
43.2%
Nickel
Pink
40.7%
Quiz Playlist
Details
Report
Send in Message
Add To Playlist
Classic:
Type in answers that appear in a list
Forced Order:
Answers have to be entered in order
Last Updated: Feb 16, 2017
Quiz Scoreboard
CHALLENGE
Sign Up to Join the Scoreboard
Show All
Scores
Hide
Comments
May contain spoilers
Recently Published
One Thing in Common: World Cities II
by knightlancer
Geography
7m
Popular People in 1961
by mucciniale
History
6m
1-10 Letter E Words III
by El_Dandy
Language
2m
More to Explore
Quiz From the Vault
Featured Blog Post
Where Did the Easter Bunny Come From?
hide this ad
You Might Also Like...
Tags
Chemistry Quiz
Color Quiz
complete
Empty
formula
metal
space
transition
Transition Metals
Today's Top Quizzes in Science
Browse Science
hide this ad
Today's Top Quizzes in Color
Browse Color
Top Contributed Quizzes in Science
1
One Thing in Common: Science
2
One Thing in Common: Science III
3
Quick Pick: Radians
4
Sporcle Puzzle Hunt: Science
5
Quick Pick: 'CI-CJ' Animals
6
One Thing in Common: Science II
7
Square Numbers Scrambled (1-50)
8
Elements In Images
9
Click the Parts of an Plant Cell
10
Glycolysis
Explore More
Trending Topics
Crossword
Anime
Kpop
NBA
Harry Potter
Disney
Marvel
Soccer
Song
The Office
Puzzle
Country
WWE
NFL
Pokémon
hide this ad
More By:
voodoohighway
Quiz
Plays
Rating
Category
Featured
Created
Snooker Ball Values
302
3.60
Sports
Apr 2, 2010
Standard Model of Elementary Particles
277
4.33
Science
Sep 25, 2009
Transition Metals' Coloured Complexes
243
3.00
Science
Dec 5, 2009
ALL elements by name origin
162
5.00
Science
Dec 4, 2009
Go to Creator's Profile
Score Distribution
Quiz Creator Spotlight
voodoohighway
Follow
Send a Message
Quizzes Created
-
Created Quiz Play Count
-
More By This Creator
Popular Quizzes Today
1
Find the US States - No Outlines Minefield
2
The Countries of the World
3
Find the Countries of Europe - No Outlines Minefield
4
Popular People in 1961
5
1-10 Letter E Words III
6
Find the US States
7
One Thing in Common: World Cities II
8
US States
More Science Quizzes
Computer Definitions: A
Published
Trending Quizzes
Risky Map Clicking: Least Populous States A-Z
1-10 Letter F Words
1-10 Letter G Words
One Thing in Common: United Kingdom
Risky Map Clicking: Next State Alphabetically
Recently Updated
Leaping Animals
pecheneg
Reality TV Shows (A-Z)
bhenderson79
Rickey Henderson's Hall of Fame Teammates
pecheneg
Champions League XIs: Arsenal
pecheneg
Quick Pick: Celebrities in WWE's Hall of Fame
aduchscher
A-Z Keypad Blitz II
pecheneg
Multiple Oscar Actors
pecheneg
Mystery Phrase Blitz: Oscar 'Best Actors'
pecheneg
F. Scott Fitzgerald Novels
LTH
Pick 3 Villains
ddd62291
Trending Topics
Crossword
Kpop
Anime
Marvel
Harry Potter
Disney
NBA
Soccer
Country
Pokémon
Puzzle
Song
WWE
NFL
The Office
Your Account Isn't Verified!
In order to create a playlist on Sporcle, you need to verify the email address you used during registration. Go to your
Sporcle Settings
to finish the process.
Report this User
Report this user for behavior that violates our
Community Guidelines
.
Details:
Send Report
Go to the Sporcle.com Mobile Site →
Comments